| 000 | 00798am a2200325a 44500 | ||
|---|---|---|---|
| 003 | AR-BaBNM | ||
| 005 | 20251128211116.0 | ||
| 008 | 282120s1999 #AR|||||||||||000 | esp|| | ||
| 020 | _a950-23-0773-9 | ||
| 040 | _cAR-BaBNM | ||
| 245 | 1 | 0 | _aTradicionalismo y fascismo europeo |
| 250 | _a1ª ed. | ||
| 260 |
_aBuenos Aires _bEudeba _c1999 |
||
| 300 | _a136 p. | ||
| 490 | 0 | _aTemas. Política | |
| 650 | 4 | _aAUTORITARISMO | |
| 650 | 4 | _aFASCISMO | |
| 650 | 4 | _aHISTORIA DE LAS IDEAS | |
| 650 | 4 | _aHISTORIA CULTURAL | |
| 650 | 4 | _aHISTORIA SOCIAL | |
| 650 | 4 | _aIDEOLOGIAS | |
| 650 | 4 | _aDEMOCRACIA | |
| 650 | 4 | _aLIBERALISMO | |
| 650 | 4 | _aCATOLICISMO | |
| 650 | 4 | _aNAZISMO | |
| 651 | 4 | _aEuropa | |
| 700 | 1 |
_aGrillo, María Victoria _ecompilador |
|
| 942 | _cBK | ||
| 998 | _cmariana | ||
| 999 |
_c18267 _d18267 |
||